000 00471cam a2200145 4500500
005 20251228053400.0
041 _afre
042 _adc
100 1 0 _aLajoye, Patrice
_eauthor
245 0 0 _aInstruments de Travail
260 _c2005.
500 _a21
786 0 _nHistoire & Sociétés Rurales | 24 | 2 | 2005-10-01 | p. 276-286 | 1254-728X
856 4 1 _uhttps://shs.cairn.info/revue-histoire-et-societes-rurales-2005-2-page-276?lang=fr&redirect-ssocas=7080
999 _c1585306
_d1585306